000 00913nam a22001937a 4500
003 BR-ViAPE
005 20260422120141.0
008 260422s1908 por gs||||s000 0 por d
040 _cBR-ViAPE
110 _aEspírito Santo
_bEstado
245 _aMensagem dirigida pelo Dr. Jeronymo de Souza Monteiro Presidente do Estado ao Congresso Espírito-Santense na segunda sessão da 6ª legislatura
260 _aVitória
_bPapelaria e Typographia Nelson Costa
_c1908
300 _a48 p.
_bDocumento digitalizado (PDF)
500 _aDocumento digitalizado do acervo institucional do Arquivo Público do Estado do Espírito Santo - APEES.
650 _aAdministração pública
_zEspírito Santo
651 _aEspírito Santo
_xAdministração pública
856 _uhttps://ape.es.gov.br/Media/ape/PDF/Mensagens/Mensagem-2024/Mensagem%20-%20ano%201908.pdf
_yCLIQUE AQUI PARA ACESSAR O DOCUMENTO
942 _2ddc
_cMSGREL
_n1
999 _c543
_d543